Tilastot visalle Mustanmeren maat

Klikkaa tästä pelataksesi tätä visaa!

Yleistilastot

  • Tätä visaa on pelattu 834 kertaa
  • Keskiarvotulos 5 / 6

Vastaustilastot

Valtio% Oikein
Turkki
95%
Venäjä
95%
Ukraina
92%
Romania
89%
Georgia
88%
Bulgaria
87%

Tulosjakauma

Persentiili vastausten määrän mukaan

Jokaisen tuloksen saaneiden osuus

Tuloshistoriasi

Et ole pelannut tätä visaa